Statistiques concernant Titres de films détournés

Cliquez ici pour prendre le quiz!

Statistiques générales

  • Ce quiz a été pris 129 fois
  • Le résultat moyen est 16 sur 50

Statistiques - réponses

FilmsTitres détournésAnnées% Correct
La vie est un long fleuve tranquilleLa mort est un petit ruisseau agité1988
76%
Les hommes préfèrent les blondesLes femmes abhorrent les brunes1953
74%
Tout sur ma mèreRien sur mon paternel1999
74%
Fenêtre sur courPorte sur jardin1955
68%
Orange mécaniqueCitron manuel1972
68%
Le dernier des MohicansLe premier des Iroquois1992
65%
Un coeur en hiverUn poumon en été1992
61%
La guerre du feuLa paix de l'eau1981
58%
Le vieux fusilLe pistolet jeune1975
57%
Le loup de Wall StreetL'agneau de la City2013
56%
Ne le dis à personneAvoue-le à tout le monde2006
56%
Petits meurtres entre amisGrands homicides entre antagonistes1994
55%
Souviens-toi l'été dernierOublie ... l'été suivant1997
52%
Les parapluies de CherbourgLes ombrelles de Coutances1964
47%
Jeune et jolieVieille et moche2013
42%
La journée de la jupeLa soirée du pantalon2009
42%
Un taxi pour TobroukUn Uber pour Tombouctou1961
42%
Le grand cheminLa petite autoroute1987
41%
A l'est d'edenA l'ouest de l'enfer1955
39%
La cité des enfants perdusLa bourgade des adultes trouvés1995
36%
Green Book : Sur les routes du sudSous les chemins du nord2019
35%
La traversée de ParisLe contournement de la capitale1956
33%
La vie rêvée des angesLa mort réelle des démons1998
33%
L'Odyssée de PiL'épopée d'Alpha2012
27%
Diamants sur canapéVerroterie sur chaise1961
25%
Good Bye Lenin !Bonjour Nicolas II !2003
24%
Le salaire de la peurLe bénévolat de la confiance1953
24%
Beignets de tomates vertesNems de poireaux rouges1992
23%
Cris et chuchotementsHurlements et murmures1972
23%
Tout le monde dit I love youPersonne ne dit je te déteste1996
22%
Amours chiennesHaines félines2000
20%
Les frères SistersLes soeurs Hermanos2018
20%
Boulevard du crépusculeRuelle de l'aurore1950
19%
Miss Daisy et son chauffeurMr Donald et son maître1989
17%
The Grand Budapest HotelLa petite auberge de Debrecen2014
16%
Arnaques, Crimes et BotaniqueEscroqueries, héroïsmes et phytologie1998
14%
La Comtesse aux pieds nusLa duchesse à la tête couverte1954
13%
3 Billboards, Les panneaux de la vengeanceLes pancartes du pardon2017
10%
Affreux, sales et méchantsRavissants, propres et gentils1976
10%
le charme discret de la bourgeoisieLa laideur ostentatoire du prolétariat1972
10%
Les promesses de l'ombreLes menaces de la lumière2007
8%
Garçon d'honneurFille d'abjection1993
6%
Joyeuses funéraillesTristres fiançailles2007
5%
L'Évangile selon saint MatthieuL'homélie selon Judas1964
5%
Ladyhawke, la femme de la nuitSirWolf, l'homme du jour1985
3%
Les invasions barbaresLes libérations civilisées2003
3%
La captive aux yeux clairsL'affranchie aux oreilles foncées1953
1%
Ne vous retournez pasFaites demi-tour1974
1%
Juste la fin du mondeImparfaitement le début de l'isolement2016
0%
La métamorphose des cloportesLe statu quo des concierges1965
0%

Distribution des résultats

Percentile par nombre de réponses

% des personnes avec chaque résultat

Votre développement - résultats

Vous n’avez pas pris ce quiz